Negative influence of tourism industry on ecological environment
Turizmus ako spoločenská aktivita, ktorá vplýva na formovanie priestorových štruktúr. Orientácia na zachovanie ekologickej rovnováhy a krajinného potenciálu územia. Riešenie konfliktných vzťahov medzi ekologickým prostredím a turizmom.
Gespeichert in:
| 1. Verfasser: | |
|---|---|
| Format: | Buchkapitel |
| Sprache: | Englisch |
| Schlagworte: | |
| Tags: |
Keine Tags, Fügen Sie das erste Tag hinzu!
|
MARC
| LEADER | 00000naa$a2200000$$$4500 | ||
|---|---|---|---|
| 001 | 0200845 | ||
| 005 | 20240502083511.2 | ||
| 041 | 0 | |a eng | |
| 044 | |a HR | ||
| 245 | 1 | 0 | |a Negative influence of tourism industry on ecological environment |c Ema Mišúnová |
| 520 | |a Turizmus ako spoločenská aktivita, ktorá vplýva na formovanie priestorových štruktúr. Orientácia na zachovanie ekologickej rovnováhy a krajinného potenciálu územia. Riešenie konfliktných vzťahov medzi ekologickým prostredím a turizmom. | ||
| 610 | 2 | 0 | |a turistika |
| 610 | 2 | 0 | |a ruch cestovný |
| 610 | 2 | 0 | |a politika ruchu cestovného |
| 610 | 2 | 0 | |a strediská ruchu cestovného |
| 610 | 2 | 0 | |a prostredie životné |
| 610 | 2 | 0 | |a ekológia |
| 610 | 2 | 0 | |a rovnováha |
| 100 | 1 | |a Mišúnová, Ema | |